Boroughs of Mexico City - Statistics

General Stats
  • This quiz has been taken 37 times
  • The average score is 11 of 16
Answers on the Map
Answers color-coded by a green-red scale on the quiz's map according to % correct below.
 
Answer Stats
Answer % Correct
Iztapalapa
85%
Benito Juárez
77%
Coyoacán
73%
Milpa Alta
73%
Tlalpan
73%
Xochimilco
73%
Cuauhtémoc
69%
Gustavo A. Madero
65%
Iztacalco
65%
Tláhuac
65%
Azcapotzalco
62%
La Magdalena Contreras
62%
Miguel Hidalgo
62%
Álvaro Obregón
58%
Cuajimalpa de Morelos
58%
Venustiano Carranza
54%
No matching quizzes found
Score Distribution
Percent of People with Each Score
Percentile by Number Answered
Your Score History
You have not taken this quiz